Bible, mission, and theology : a festschrift in honor of Rev. Dr. Simon Samuel (Record no. 22962)
[ view plain ]
| 000 -LEADER | |
|---|---|
| fixed length control field | 00378nam a22001457a 4500 |
| 020 ## - INTERNATIONAL STANDARD BOOK NUMBER | |
| ISBN | 9788184656541 |
| 082 ## - DEWEY DECIMAL CLASSIFICATION NUMBER | |
| Classification number | 220.6 |
| Author Cutter | JOS |
| 100 ## - MAIN ENTRY--AUTHOR NAME | |
| Author name | Joseph P V ; Simon Samuel |
| 245 ## - TITLE STATEMENT | |
| Title | Bible, mission, and theology : a festschrift in honor of Rev. Dr. Simon Samuel |
| 260 ## - PUBLICATION, DISTRIBUTION, ETC. (IMPRINT) | |
| Place of publication | Delhi |
| Name of publisher | ISPCK |
| Year of publication | 2018 |
| 300 ## - PHYSICAL DESCRIPTION | |
| Number of Pages | 248 |
| 650 ## - SUBJECT ADDED ENTRY--TOPICAL TERM | |
| Topical Term | Missions |
| -- | Theology |
| 942 ## - ADDED ENTRY ELEMENTS (KOHA) | |
| Koha item type | Books |
| Home library | Current library | Shelving location | Date acquired | Source of acquisition | Cost, normal purchase price | Full call number | Accession Number | Koha item type |
|---|---|---|---|---|---|---|---|---|
| Henry Martyn Institute Library | Henry Martyn Institute Library | General stacks | 06/11/2020 | ISPCK | 350.00 | 220.6 JOS | 11004387 | Reference |
